Environmental benefits from agriculture issue and policies

Saved in:
Bibliographic Details
Format: Book
Language:English
Published: Paris OECD 1997
Subjects:
Tags: Add Tag
No Tags, Be the first to tag this record!

MARC

LEADER 00000nam a2200000 4500
001 c117853
005 20221124074552.3
020 |a 92-64-15416-7 
041 0 |a eng 
044 |a FR 
245 1 0 |a Environmental benefits from agriculture  |b issue and policies 
264 1 |a Paris  |b OECD  |c 1997 
300 |a 158 s. 
610 2 0 |a poľnohospodárstvo 
610 2 0 |a politika environmentálna